01135nam a2200253Ia 450000500170000000800410001702000150005805000260007310000320009924500610013126000340019230000280022633600100025433700140026433800120027849000390029050000370032950400430036650503500040965000270075965000440078665000200083070000310085020231102151114.0120626t19912002sp a |||||||||| ||spa|d a847112453X14aBF724.55A35bS78 20021 aStuart-Hamilton, Ianeautor10aPsicología del envejecimiento c / Ian Stuart-Hamilton aEspaña b : Moratac , 2002 a318 páginas,bcuadros atexto asin medio avolumen aColección Psicología, Manuales aIncluye: Índices (pp. 315-318) aIncluye: Bibliografía (pp. 269-314) 2 aContenido: ¿Qué es el envejecimiento? Medición del cambio intelectual en la edad avanzada Envejecimiento y memoria Envejecimiento y lenguaje Envejecimiento, personalidad y estilo de vida Enfermedad mental y envejecimiento Problemas en la medición del estado psicológico de las personas mayores ¿Cuál es el futuro del envejecimiento? 14aANCIANOSxPSICOLOGÍA14aENVEJECIMIENTOxASPECTOS PSICOLÓGICOS14aADULTOS MAYORES aAmo, Tomás Deetraductor